Guess the Celebrity by Picture - Letter W - Statistics

General Stats
  • This quiz has been taken 108 times
  • The average score is 10 of 16
Answer Stats
Picture Answer % Correct
Will Smith
98%
William Shakespeare
81%
Will Ferrell
74%
Whitney Houston
73%
Winona Ryder
73%
Whoopi Goldberg
71%
will.i.am
71%
Willem Dafoe
67%
Winston Churchill
66%
Wolfgang Amadeus Mozart
58%
Walt Disney
52%
Woodrow Wilson
43%
Willie Nelson
37%
Wiz Khalifa
35%
Wilt Chamberlain
27%
Wesley Snipes
25%
No matching quizzes found
Score Distribution
Percent of People with Each Score
Percentile by Number Answered
Your Score History
You have not taken this quiz